000 00796nam a2200253 i 4500
001 bg
003 BPK
005 20200414150107.0
008 031217s1975 pl a f |000 0 pol
015 _aPB 1975/6153
040 _aWA N
_cBPK
041 0 _apol
080 _a621.317
100 1 _aHagel, Ryszard
_d(1921-1979).
_eAutor
245 1 0 _aMiernictwo dynamiczne /
_cRyszard Hagel.
260 _aWarszawa :
_bWydawnictwa Naukowo-Techniczne,
_c1975.
300 _a323, [1] s. :
_bil., tab., wykr. ;
_c25 cm.
504 _aBibliogr.
650 4 _aPomiary
650 4 _aPrzetworniki
710 2 _aWydawnictwa Naukowo-Techniczne
_4pbl.
856 _uhttp://koha.tu.koszalin.pl/cgi-bin/koha/opac-detail.pl?biblionumber=16733
_yKatalog online BPK
942 _2UKD
_cKS
999 _c16733
_d16733